Puesta en prc̀tica del Cd̤igo General del Proceso

Detalles Bibliográficos
Autor principal: Rueda Fonseca, Mara̕ del Socorro
Formato: eBook
Lenguaje:español
Publicado: Bogot:̀ Universidad de Los Andes (Colombia), 2018
Materias:
Acceso en línea:Acceso restringido

MARC

LEADER 00000nam a22000007a 4500
005 20190510222030.0
007 cr|||| ||||
008 190510s2018 co |||||s|||| 00||0 spa d
020 |a 978-958-767-738-6 
035 |a 23356 
040 |a vLex 
090 |c 8681  |d 8681 
100 1 |a Rueda Fonseca, Mara̕ del Socorro 
245 1 0 |a Puesta en prc̀tica del Cd̤igo General del Proceso  |h [Recurso electrn̤ico] /  |c Mara̕ del Socorro Rueda Fonseca 
256 |a Servicio en ln̕ea 
260 |a Bogot:̀  |b Universidad de Los Andes (Colombia),  |c 2018 
300 |a 1 recurso electrn̤ico 
506 1 |a Disponible solo en los productos indicados  |d vLex Global  |d vLex Global (Academic Edition, excluding Law Schools)  |d vLex Global (U.S. Academic Edition, Law Schools)  |d vLex Global (U.S. Academic Edition, excluding Law Schools)  |d vLex Global (Academic Edition, Law Schools) 
650 0 4 |a Derecho Procesal  |z Colombia 
740 0 |a vLex Libros (Servicio en ln̕ea) 
856 4 0 |u http://vlex.com/source/puesta-practica-codigo-general-proceso-23356  |z Acceso restringido 
942 |c BOOK 
999 0 |a Procedural law